1186 1788 1699 1365 1209 1629 1902 1480 1344 1106 1814 1497 1492 1787 1072 1090 1095 1906 1497 1131 1396 1594 1100 1511 1788 1249 1098 1236 1344 1957 1042 1676 1926 1931 1852 1128 1823 1544 1797 1368 1672 1186 1363 1361 1447 1124 1365 1626 1381 1713 1620 1480 1563 1365 1079 1945 1350 1521 1555 1422 1200 1491 1347 1856 1674 1960 1409 1736 1463 1331 1835 1293 1407 1899 1697 1964 1868 1463 1571 1942 1888 1538 1341 1268 1375 1346 1876 1395 1454 1244 1615 1049 1661 1697 1831 1476 1540 1013 1288 BCNSPRNW ULIB Ver.6.0+V

เปลี่ยนเป็นภาษาไทย

Change to English
 แสดงรายละเอียดบรรณานุกรม
  กลับหน้าหลัก

Brief Record : Get Marc (ISO 2709) : E-mail record : QR code < ปิดหน้าต่าง
LEADER : 00000nam 2200000uu 4500
001    13399114656
003     ULIB
008    120427s2551||||th 000 0 tha d
020    ^a9789741664856
090    ^aนว.^bป445z 2551
100 0  ^aปราณธร
245 00 ^aZombie Prince...รักลวงใจ
250    ^aพิมพ์ครั้งที่ 2
260    ^aกรุงเทพฯ :^bแจ่มใส,^c2551
300    ^a345 หน้า
710 1  ^aแจ่มใส
945    ^p209^l0^i15317
995    ^aกัณชพร
999    ^aใช้งานได้ทุกระบบ
รายการนี้ยังไม่มีแท็ก
คุณยังไม่ได้ล็อกอิน คุณสามารถมีกิจกรรมร่วมกับเว็บไซต์ได้ แต่ต้องล็อกอินก่อน ::
  ล็อกอิน

รายการสื่อสารสนเทศ

ลำดับที่ ประเภท เลขเรียก/บาร์โค้ด สถานที่ สถานะ
1. นวนิยาย
นวนิยาย
นว. ป445z 2551  
  Barcode: 15317
ห้องสมุดวิทยาเขตสวรรค์ประชารักษ์
►นวนิยาย
บนชั้น
  ขอยืม

รายการใกล้เคียง
    ผู้แต่ง [ปราณธร]

BibComment


ยังไม่เคยถูกคอมเมนท์

คอมเมนท์ทรัพยากรรายการนี้
  คอมเมนท์: Zombie Princeรัก..


 Copyright 2026. Bcnsprnw @Library